00439nam a22001457a 4500008004100000020001800041040005500059080001500114100001700129245006900146260003700215300001300252650000800265653002000273230425b |||||||| |||| 00| 0 eng d a0-08-020863-0 aNational Science LibrarycNational Science Library a523.72bL71 aMcveigh, J C aSun power: bAn introduction to the applications of solar energy aOxford: bPergamon Press, c1977 ax, 208p. aSun aSolar radiation